Countries Closest to Jamaica - Sudden Death - Statistics

General Stats
  • This quiz has been taken 33 times
  • The average score is 6 of 15
Answers on the Grid
Answers color-coded by a green-red scale on the quiz's grid according to % correct below.
Cuba
Haiti
Bahamas
Dominican Republic
Honduras
Nicaragua
United States
Colombia
Venezuela
Mexico
Panama
Costa Rica
Belize
Guatemala
El Salvador
Canada
Ecuador
Guyana
Suriname
Peru
Bolivia
Brazil
Paraguay
Uruguay
Saint Kitts and Nevis
Antigua and Barbuda
Saint Lucia
Grenada
Mauritania
Iceland
 
Answer Stats
Answer % Correct
Cuba
75%
Haiti
67%
United States
67%
Mexico
50%
Bahamas
42%
Dominican Republic
42%
Belize
33%
Costa Rica
33%
El Salvador
33%
Nicaragua
33%
Guatemala
25%
Honduras
25%
Panama
17%
Colombia
8%
Venezuela
8%
No matching quizzes found
Score Distribution
Percent of People with Each Score
Percentile by Number Answered
Your Score History
You have not taken this quiz